| 000 | 00819nam a22002175i 4500 | ||
|---|---|---|---|
| 001 | 102877 | ||
| 003 | ES-MaACL | ||
| 005 | 20230906183214.0 | ||
| 007 | t| | ||
| 008 | 950928m18861891po ||||1| por d | ||
| 080 | _a903(469.6) | ||
| 100 | 1 |
_aPhilippes Martins Estacio da Veiga, Sebastiào. _9172398 |
|
| 245 | 1 | 0 |
_aAntiguidades monumentaes do Algarve : _btempos prehistóricos : paleoethnologia / _cpor Sebastiào Philippes Martins Estacio da Veiga. |
| 260 |
_aLisboa : _bImprensa Nacional, _c1886-1891. |
||
| 300 |
_a4 v. : _bil. ; _c25 cm. |
||
| 650 | 4 |
_aHombre prehistórico- _zPortugal. _9167302 |
|
| 651 | 4 |
_aAlgarve- _xRestos arqueológicos. _9172399 |
|
| 651 | 4 |
_aPortugal- _xRestos arqueológicos. _9137322 |
|
| 651 | 4 |
_aPortugal- _xHistoria- _yÉpoca prehistórica. _9161570 |
|
| 852 |
_aES-MaACL _jG-4500-03 |
||
| 999 |
_c102877 _d102877 |
||